Catalog

Record Details

Catalog Search



The truth about the Devlins  Cover Image Book Book

The truth about the Devlins / Lisa Scottoline.

Scottoline, Lisa, : (author.).

Summary:

"TJ Devlin is the charming disappointment in the prominent Devlin family, all of whom are lawyers at their highly successful firm--except him. After a stint in prison and rehab for alcoholism, TJ can't get hired anywhere except at the firm, in a make-work job with the title of investigator. But one night, TJ's world turns upside down after his older brother John confesses that he just murdered one of the clients, an accountant he'd confronted with proof of embezzlement. It seems impossible coming from John, the firstborn son and Most Valuable Devlin. TJ plunges into the investigation, seizing the chance to prove his worth and save his brother. But in no time, TJ and John find themselves entangled in a lethal web of deception and murder. TJ will fight to save his family, but what he learns might break them first"-- Provided by publisher.

Record details

  • ISBN: 9780525539704
  • ISBN: 0525539700
  • Physical Description: 374 pages ; 24 cm
  • Publisher: New York : G. P. Putnam's Sons, [2024]
Subject: Murder > Investigation > Fiction.
Alcoholics > Fiction.
Family secrets > Fiction.
Genre: Legal fiction (Literature)
Thrillers (Fiction)
Detective and mystery fiction.
Novels.

Available copies

  • 1 of 1 copy available at scottsboropl.

Holds

  • 0 current holds with 1 total copy.
Show All Copies
Location Call Number / Copy Notes Barcode Shelving Location Status Due Date
scottsboropl F Sco 32269001262958 Adult - Fiction Available -

LDR 02905cam a22005658i 4500
001162934
003SBPL
00520240320115208.0
008231208t20242024nyu e 000 1 eng
010 . ‡a 2023056487
020 . ‡a9780525539704 ‡q(hardcover)
020 . ‡a0525539700 ‡q(hardcover)
035 . ‡a(OCoLC)1389606437 ‡z(OCoLC)1414654948 ‡z(OCoLC)1416720881
05000. ‡aPS3569.C725 ‡bT78 2024
08200. ‡a813/.54 ‡223/eng/20231208
1001 . ‡aScottoline, Lisa, : ‡eauthor.
24514. ‡aThe truth about the Devlins / ‡cLisa Scottoline.
264 1. ‡aNew York : ‡bG. P. Putnam's Sons, ‡c[2024]
300 . ‡a374 pages ; ‡c24 cm
336 . ‡atext ‡btxt ‡2rdacontent
337 . ‡aunmediated ‡bn ‡2rdamedia
338 . ‡avolume ‡bnc ‡2rdacarrier
520 . ‡a"TJ Devlin is the charming disappointment in the prominent Devlin family, all of whom are lawyers at their highly successful firm--except him. After a stint in prison and rehab for alcoholism, TJ can't get hired anywhere except at the firm, in a make-work job with the title of investigator. But one night, TJ's world turns upside down after his older brother John confesses that he just murdered one of the clients, an accountant he'd confronted with proof of embezzlement. It seems impossible coming from John, the firstborn son and Most Valuable Devlin. TJ plunges into the investigation, seizing the chance to prove his worth and save his brother. But in no time, TJ and John find themselves entangled in a lethal web of deception and murder. TJ will fight to save his family, but what he learns might break them first"-- ‡cProvided by publisher.
650 0. ‡aMurder ‡xInvestigation ‡vFiction.
650 0. ‡aAlcoholics ‡vFiction.
650 0. ‡aFamily secrets ‡vFiction.
655 7. ‡aLegal fiction (Literature) ‡2lcgft
655 7. ‡aThrillers (Fiction) ‡2lcgft
655 7. ‡aDetective and mystery fiction. ‡2lcgft
655 7. ‡aNovels. ‡2lcgft
901 . ‡a162934 ‡bAUTOGEN ‡c162934 ‡tbiblio

Additional Resources